| 000 | 02153nam0a22003731 4500 | ||
|---|---|---|---|
| 001 | RU\NLR\A1\32250 | ||
| 005 | 20260406161059.0 | ||
| 035 | _a(NLR Aleph) 009682399 | ||
| 090 |
_a9706871 _c9706871 |
||
| 100 | _a20010903d1757 u y0rusy50 ca | ||
| 101 | 1 |
_arus _clat |
|
| 102 | _aRU | ||
| 200 | 1 |
_aПанегирик о прерогативах и правах от торжественнаго коронования происходящих _fВ высочайший день коронации... имп. Елисавет Петровны... говоренный в университетской аудитории Филиппом Генриком Дилтеем, обеих прав доктором, Курфишеской Могунтинской академии полезных наук членом, прав и истории профессором, и обеих московских гимназий инспектором на латинском языке. Апреля 26 дня 1757 года _gПереведен магистром Сергеем Поповым |
|
| 210 |
_a[М.] _cПеч. при Имп. Моск. ун-те _d[1757] |
||
| 215 |
_a18 с. _d4° |
||
| 321 | _aСК XVIII 1885 | ||
| 518 | 1 | _aПанегирик о прерогативах и правах от торжественного коронования происходящих | |
| 620 | _dМосква | ||
| 700 | 1 |
_6z01700 _6z02790 _aДильтей _bФ.Г. _f1723-1781 _gФилипп Генрих _4070 |
|
| 700 | 1 |
_6z01700 _aDilthey _bP.H. _gPhilipp Heinrich _4070 _7ba |
|
| 702 | 1 |
_aПопов _bС. _gСергей _4730 |
|
| 702 | 0 |
_4420 _8rus _7ca _aЕлизавета Петровна _cимператрица российская _f1709-1762 _3RU\NLR\AUTH\778655 _9118551 |
|
| 712 | 0 | 2 |
_aМосковский университет _bТипография _4610 |
| 790 | 1 |
_6z02700 _aДилтей _bФ.Г. _gФилипп Генрик |
|
| 801 | 0 |
_aRU _bNLR _c20010903 |
|
| 830 | _aВопрос к РГБ | ||
| 899 | _aРГБ | ||
| 899 | _aГПИБ | ||
| 899 | _aГПИБ | ||
| 899 | _aРГБ | ||
| 942 | _cBOOK | ||
| 980 | _aNB | ||
| 980 | _aA1XVIIIv | ||